| 000 | 00485nam a2200193Ia 4500 | ||
|---|---|---|---|
| 008 | 180207s9999 xx 000 0 und d | ||
| 020 | _a9780304317769 | ||
| 050 | _bY27 1990 | ||
| 100 | _aYardley, Thompson | ||
| 245 | _aDown the plughole : | ||
| 245 | _bexplore your plumbling / | ||
| 245 | _cThompson Yardley. | ||
| 260 | _aLondon : | ||
| 260 | _bLazy Summer Books Limited, | ||
| 260 | _c1990 | ||
| 300 | _a33 pages : | ||
| 300 | _bcolor illustration ; | ||
| 300 | _c26cm. | ||
| 999 |
_c355349 _d355349 |
||